|
|
|
|
| LEADER |
01877nam a2200445 a 4500 |
| 001 |
EBC819875 |
| 003 |
MiAaPQ |
| 005 |
20200520144314.0 |
| 006 |
m o d | |
| 007 |
cr cn||||||||| |
| 008 |
111221s2011 ne a sb 000 0 eng d |
| 020 |
|
|
|z 9789089643704
|
| 020 |
|
|
|a 9789048515165 (electronic bk.)
|
| 035 |
|
|
|a (MiAaPQ)EBC819875
|
| 035 |
|
|
|a (Au-PeEL)EBL819875
|
| 035 |
|
|
|a (CaPaEBR)ebr10513468
|
| 035 |
|
|
|a (CaONFJC)MIL333449
|
| 035 |
|
|
|a (OCoLC)768082933
|
| 040 |
|
|
|a MiAaPQ
|c MiAaPQ
|d MiAaPQ
|
| 043 |
|
|
|a e------
|
| 050 |
|
4 |
|a JV7590
|b .M54 2011
|
| 245 |
0 |
0 |
|a Migration policymaking in Europe
|h [electronic resource] :
|b the dynamics of actors and contexts in past and present /
|c edited by Giovanna Zincone, Rinus Penninx and Maren Borkert.
|
| 260 |
|
|
|a Amsterdam :
|b Amsterdam University Press,
|c 2011.
|
| 300 |
|
|
|a 444 p. :
|b ill.
|
| 490 |
1 |
|
|a IMISCOE research
|
| 504 |
|
|
|a Includes bibliographical references.
|
| 505 |
0 |
|
|a pt. 1. Post-war migration countries -- pt. 2. Mediterranean migration countries -- pt. 3. Eastern European countries.
|
| 533 |
|
|
|a Electronic reproduction. Ann Arbor, MI : ProQuest, 2016. Available via World Wide Web. Access may be limited to ProQuest affiliated libraries.
|
| 650 |
|
0 |
|a Foreign workers
|x Government policy
|z European Union countries.
|
| 650 |
|
0 |
|a Noncitizens
|x Government policy
|z European Union countries.
|
| 650 |
|
0 |
|a Illegal immigration.
|
| 651 |
|
0 |
|a European Union countries
|x Emigration and immigration.
|
| 651 |
|
0 |
|a European Union countries
|x Emigration and immigration
|x Government policy.
|
| 655 |
|
4 |
|a Electronic books.
|
| 700 |
1 |
|
|a Zincone, Giovanna.
|
| 700 |
1 |
|
|a Penninx, Rinus.
|
| 700 |
1 |
|
|a Borkert, Maren.
|
| 710 |
2 |
|
|a ProQuest (Firm)
|
| 830 |
|
0 |
|a IMISCOE research.
|
| 856 |
4 |
0 |
|u https://ebookcentral.proquest.com/lib/matrademy/detail.action?docID=819875
|z Click to View
|